Vplyv konglomerátnych fúzií a akvizícií na hodnotu podniku

Teoretické vymedzenie fúzií a akvizícií. Teoretické vymedzenie a príklady konglomerátnych fúzií a akvizícií. Konglomerátne M&A a synergický efekt. Prínosy konglomerátnych fúzií a akvizícií. Hra pre rozptýlenie manažérov.

Salvato in:
Dettagli Bibliografici
Autore principale: Kubričanová, Elena
Natura: Capitolo di libro
Lingua:slovacco
Soggetti:
Tags: Aggiungi Tag
Nessun Tag, puoi essere il primo ad aggiungerne!!

MARC

LEADER 00000naa$a2200000$$$4500
001 0181047
005 20240502073111.6
041 0 |a slo 
044 |a SK 
245 1 0 |a Vplyv konglomerátnych fúzií a akvizícií na hodnotu podniku  |c Elena Kubričanová 
520 |a Teoretické vymedzenie fúzií a akvizícií. Teoretické vymedzenie a príklady konglomerátnych fúzií a akvizícií. Konglomerátne M&A a synergický efekt. Prínosy konglomerátnych fúzií a akvizícií. Hra pre rozptýlenie manažérov. 
610 2 0 |a konglomeráty 
610 2 0 |a fúzie 
610 2 0 |a akvizícia 
610 2 0 |a firmy 
610 2 0 |a riziko 
610 2 0 |a diverzifikácia 
610 2 0 |a hodnota podniku 
100 1 |a Kubričanová, Elena